Od nuly k jednotke. Zero to One : Poznámky o startupoch alebo ako vybudovať budúcnosť /
Salvato in:
| Autori principali: | , |
|---|---|
| Natura: | Libro |
| Lingua: | slovacco |
| Pubblicazione: |
Bratislava :
Citadella,
2015
|
| Tags: |
Nessun Tag, puoi essere il primo ad aggiungerne!!
|
MARC
| LEADER | 00000nam a22000003a 4500 | ||
|---|---|---|---|
| 001 | 0073827 | ||
| 003 | SK-STU | ||
| 005 | 20190617095651.7 | ||
| 007 | ta | ||
| 008 | 190617s ----xo-----e------000-0-----d | ||
| 020 | |a 978-80-89628-91-9 | ||
| 040 | |a STU |b slo | ||
| 041 | 0 | |a slo | |
| 044 | |a xo | ||
| 080 | |a 65.012.5 | ||
| 100 | 1 | |a Thiel, Peter |4 aut | |
| 245 | 1 | 0 | |a Od nuly k jednotke. Zero to One : |b Poznámky o startupoch alebo ako vybudovať budúcnosť / |c aut. Peter Thiel, Blake Masters |
| 260 | |a Bratislava : |b Citadella, |c 2015 | ||
| 300 | |a 204 s. | ||
| 700 | 1 | |a Masters, Blake |4 aut | |
| 996 | |b 284EK90014 |c E* 90014 |l EE01 |s A |a 24 |w 0073827_0001 | ||